Statistics for MLB 2022 WAR Leaders

Click here to take the quiz!

General Stats

  • This quiz has been taken 32 times
  • The average score is 33 of 50

Answer Stats

HintAnswer% Correct
YankeesAaron Judge
100%
GuardiansJose Ramirez
100%
PadresManny Machado
100%
CardinalsPaul Goldschmidt
100%
AngelsShohei Ohtani
100%
Nationals/PadresJuan Soto
95%
DodgersMookie Betts
95%
CardinalsNolan Arenado
95%
MarlinsSandy Alcantara
95%
PhilliesAaron Nola
90%
AngelsMike Trout
90%
AstrosAlex Bregman
86%
BravesAustin Riley
86%
Braves/DodgersFreddie Freeman
86%
AstrosJose Altuve
86%
MarinersJulio Rodriguez
86%
DodgersJulio Rodriguez
86%
AstrosJustin Verlander
86%
DodgersTrea Turner
86%
White SoxDylan Cease
76%
PhilliesJ.T Realmuto
76%
BravesMax Fried
76%
MetsMax Scherzer
76%
AstrosYordan Alvarez
76%
RangersMarcus Semien
71%
MetsFrancisco Lindor
67%
CardinalsTommy Edman
62%
Red SoxXander Bogaerts
62%
PhilliesZack Wheeler
62%
Blue JaysAlek Manoah
57%
GuardiansAndres Gimenez
57%
TwinsCarlos Correa
57%
AstrosKyle Tucker
57%
GiantsLogan Webb
57%
DiamondbacksZac Gallen
57%
DiamondbacksChristian Walker
52%
MetsJeff McNeil
52%
OriolesAdley Rutschman
48%
MetsBrandon Nimmo
48%
GuardiansSteven Kwan
48%
PadresYu Darvish
48%
AstrosJeremy Pena
43%
BravesMicheal Harris
43%
PadresHa-Seong Kim
38%
BravesDansby Swanson
33%
CubsNico Hoerner
29%
GiantsCarlos Rodon
19%
DiamondbacksDaulton Varsho
14%
RangersMartin Perez
10%
DodgersTony Gonsolin
10%

Score Distribution

Percentile by Number Answered

Percent of People with Each Score

Your Score History

You have not taken this quiz